000 00626nam a2200169 a 4500
001 000006066
005 20200929151919.0
008 090826s1950 dr 000 0 spa d
040 _aDO-SdBNP
_bspa
_cBNPHU
100 1 _aFont Bernard, R. A.
_917078
245 1 0 _aLegislación del trabajo de la República Dominicana /
_cR. A. Font Bernard, A. Ballester Hernández.
260 _aCiudad Trujillo, República Dominicana :
_bImprenta Rincón,
_c1950.
300 _axxi, 244 p. ;
_c23 cm.
500 _aIncluye notas al pie de las páginas
505 2 _aIncluye nota de contenido
700 1 _aBallester Hernández, Antonio A.
_917079
999 _c5862
_d5862